[Event "Bizkaia-ch U18"]
[Site "Spain"]
[Date "2018.12.27"]
[Round "?"]
[White "Abarrategui Hernandez, Asier"]
[Black "Pereira Lopez, Aketza"]
[Result "0-1"]
[WhiteElo "1544"]
[BlackElo "1874"]
[PlyCount "98"]
[EventDate "2018.12.27"]
[EventType "swiss"]
[EventRounds "5"]
[EventCountry "ESP"]
[SourceTitle "EXT 2024"]
[Source "ChessBase"]
[SourceDate "2023.10.10"]
[SourceVersion "1"]
[SourceVersionDate "2023.10.10"]
[SourceQuality "1"]

1. e4 g6 2. Nf3 Bg7 3. Bc4 e6 4. d3 d6 5. Be3 h6 6. 0-0 a6 7. Nbd2 Nd7 8. c3 b6 9. d4 Bb7 10. d5 e5 11. a4 Ne7 12. b4 0-0 13. Nb3 f5 14. exf5 Nxf5 15. Bd2 Nf6 16. Re1 Kh7 17. Bd3 Nxd5 18. Be4 Qc8 19. Bxd5 Bxd5 20. c4 Bxc4 21. Re4 Bd5 22. Rg4 e4 23. Nh4 Nxh4 24. Rxh4 Qf5 25. Be3 Bxb3 26. Qxb3 Bxa1 27. Qb1 Bg7 28. Qc1 g5 29. Rh5 Qg6 30. Rh3 Rf7 31. Qc6 Raf8 32. a5 bxa5 33. bxa5 g4 34. Rh4 Qf6 35. Qxe4+ Kg8 36. g3 Re7 37. Qd5+ Kh8 38. Rxg4 Rxe3 39. Rf4 Qa1+ 40. Kg2 Rxf4 41. gxf4 Re8 42. Qc6 Qe1 43. Qxa6 Qe4+ 44. Kg3 Qg6+ 45. Kf3 Qh5+ 46. Kg3 Bf6 47. Kg2 Qg4+ 48. Kf1 Qh3+ 49. Kg1 Re1+ 0-1